00825nam a2200253 a 4500001000400000003001000004005001700014008004100031020001800072040002500090080001600115090002600131100004200157245005800199250002600257260003800283300001900321504003700340650002200377650002600399942001200425952012100437999001300558633BR-CuiBMT20231110234648.0231110s2012 rjb 001 0 por d a9788571478244 aBR-CuiBMTcBR-CuiBMT 22007a347.7 a347.7bB726dc13. ed.1 aBorba, José Edwaldo Tavares,d1938- aDireito societário /cJosé Edwaldo Tavares Borba. a13. ed. rev. e atual. aRio de Janeiro :bRenovar,c2012. a595 p.:c23 cm aInclui bibliografia e índices. aDireito comercial aSociedades comerciais 2udccLV 00102udc4070aBIBTCEMTbBIBTCEMTd2013-04-02l0o347.7 B726dpBIBTCEMT23110455r2023-11-10tEx. 1w2023-11-10yLV c633d633